Gaming Quiz

Random Gaming or Video Games Quiz

Video Games by Bosses Quiz Stats

 Plays Quiz Updated Feb 18, 2020

Support Sporcle.
Go Orange.
Score 0/100 Timer 15:00
0 Plays Today
Bosses Game % Correct
Cut Man, Guts Man, Elec ManMega Man
53.2%
Air Man, Flash Man, Wood ManMega Man 2
49.7%
Psycho Mantis, Sniper Wolf, Vulcan RavenMetal Gear Solid
49%
Balrog, Vega, SagatStreet Fighter II
42.6%
Shang Tsung, Kintaro, Shao KahnMortal Kombat II
42.4%
Pyramid Head, Flesh Lips, Abstract DaddySilent Hill 2
42.3%
Gohma, Bongo Bongo, TwinrovaThe Legend of Zelda: Ocarina of Time
37.5%
Hydra, Medusa, MinotaurGod of War
37.4%
Tornado Man, Concrete Man, Splash WomanMega Man 9
35.5%
Piston Honda, Bald Bull, Super Macho ManMike Tyson's Punch-Out!!
34.4%
Whispy Woods, Paint Roller, KrackoKirby's Adventure
33.9%
Galleom, Duon, Master HandSuper Smash Bros. Brawl
33.6%
Whomp King, Big Bully, EyerokSuper Mario 64
33.3%
Erika, Sabrina, KogaPokémon Red/Blue
32.9%
Haybot, The Great Mighty Poo, Buga the KnutConker's Bad Fur Day
31%
Falkner, Bugsy, WhitneyPokémon Gold/Silver
28%
Guard Armor, Cerberus, Oogie BoogieKingdom Hearts
27.8%
Parasite Queen, Flaahgra, Omega PirateMetroid Prime
26.6%
Kraid, Phantoon, DraygonSuper Metroid
26.1%
The Pain, The Fear, The SorrowMetal Gear Solid 3: Snake Eater
25.3%
Ripper Roo, Koala Kong, PinstripeCrash Bandicoot
24.7%
Roxanne, Wattson, FlanneryPokémon Ruby/Sapphire
24.3%
Theseus, Euryale, PerseusGod of War II
23.9%
Tutankoopa, Tubba Blubba, General GuyPaper Mario
23.4%
Dino Piranha, King Kaliente, MegalegSuper Mario Galaxy
23.1%
Odolwa, Goht, GyorgThe Legend of Zelda: Majora's Mask
21.8%
Spark Mandrill, Boomer Kuwanger, Launch OctopusMega Man X
21.4%
Gooper Blooper, Eely Mouth, PhantamantaSuper Mario Sunshine
21.1%
Helmaroc King, Jalhalla, MolgeraThe Legend of Zelda: The Wind Waker
20.5%
Bob the Goldfish, Evil the Cat, Major MucusEarthworm Jim
20.4%
Hooktail, Magnus Von Grapple, DooplissPaper Mario: The Thousand-Year Door
19.5%
Very Gnawty, Necky, Bumble BDonkey Kong Country
19.4%
Alien Queen, Snagglebeast, Captain QwarkRatchet & Clank
19.4%
Chauncey, Bogmire, BoolossusLuigi's Mansion
17.8%
Bosses Game % Correct
Del Lago, El Gigante, GarradorResident Evil 4
17.8%
Vargas, Ultros, AtmaFinal Fantasy VI
17.5%
Diababa, Morpheel, BlizzetaThe Legend of Zelda: Twilight Princess
17.2%
Mack, Belome, The Axem RangersSuper Mario RPG: Legend of the Seven Stars
17.1%
Moldorm, Mothula, Blind the ThiefThe Legend of Zelda: A Link to the Past
16.4%
Nine Toes, Sledge, KromBorderlands
15.9%
Fist, Matriarch Benezia, Thresher MawsMass Effect
14.6%
Twinbellows, Pandora, MedusaKid Icarus
14.2%
Aquamentus, Manhandla, DigdoggerThe Legend of Zelda
13.5%
Dark Eco Plant, Klaww, Gol AcheronJak and Daxter: The Precursor Legacy
13.4%
Shadow Yosuke, Shadow Chie, Shadow YukikoShin Megami Tensei: Persona 4
13.2%
Burt the Bashful, Salvo the Slime, Sluggy the UnshavenSuper Mario World 2: Yoshi's Island
13%
Mist Dragon, Octomammon, Dark ElfFinal Fantasy IV
12.9%
Armored Cannon Beetle, Beady Long Legs, PuffstoolPikmin
12.8%
Guard Scorpion, Motor Ball, DyneFinal Fantasy VII
12.4%
Triclyde, Fryguy, ClawgripSuper Mario Bros. 2
12%
Crimson Helm, Blight, NinetailsŌkami
10.8%
Fatty Whale, Computer Virus, Wham Bam RockKirby Super Star
10.4%
Titanic Ant, Shrooom!, Plague Rat of DoomEarthBound
10.1%
Phalanx, Tower Knight, FlamelurkerDemon's Souls
10.1%
Dr. Steinman, Peach Wilkins, Martin FinneganBioShock
9.7%
Death Metal, Letz Shake, Bad GirlNo More Heroes
9.5%
Cloud N. Candy, Inviso, Don BongoYoshi's Story
9.4%
Tret, Saturos, MenardiGolden Sun
9.1%
Yawn, Plant 42, Black TigerResident Evil
9.1%
Yakra, Heckran, NizbelChrono Trigger
9%
Prison Cage, Gizamaluke, ArkFinal Fantasy IX
8.3%
Lil' Slugger, C.H.A.D., BrownieSuper Meat Boy
8.2%
Sasha, Alden, KesslerinFamous
8.1%
Balrog, Misery, The DoctorCave Story
7.5%
Aku'mai, Amnennar the Coldbringer, Shade of EranikusWorld of Warcraft
7%
Toasty, Blowhard, JacquesSpyro the Dragon
6.9%
Linda the Lungfish, The Phantom, El OdioPsychonauts
6.9%
Reconstructed Caribou, Jealous Bass, Barrier TrioMother 3
6.7%
Bosses Game % Correct
Moskito, Mr. Sax, Space MamaRayman
5.9%
Takaya Sakaki, Jin Shirato, Chidori YoshinoShin Megami Tensei: Persona 3
5.8%
Meteo Crusher, Spyborg, MechbethStar Fox 64
5.6%
Haunted Evil Pig, Stormy Evil Pig, Real Evil PigTomba!
5.5%
Mittens, Metal Queen, General LionwhyteBrütal Legend
5.5%
Gaius, Avion, PhalanxShadow of the Colossus
5%
Fortitudo, Temperantia, SapientiaBayonetta
4.9%
Mantis Ant, Tropicallo, Lime SlimeSecret of Mana
4.4%
Charles the Third, Hulk Davidson, Gran BruceViewtiful Joe
4.4%
Pix, Acro, MagmanKirby 64: The Crystal Shards
3.9%
Fist of Grudge, Doom's Bride, Child with a ChainsawCatherine
3.8%
Basaquer, Bloody Malth, JaquioNinja Gaiden
3.7%
Larson, Skateboard Kid, NatlaTomb Raider
3.6%
Wyvern, Father Grissom, Jan RosencrantzVagrant Story
2.9%
Blumebears, The Gesellschaft, Theodore BrunoMega Man Legends
2.9%
Baltor and the Blackbeard, Valuan Cruiser, The ChameleonSkies of Arcadia
2.6%
Pterolimax, Reaper, Alpha Section's GeneralBeyond Good & Evil
2.5%
Big John, Cameo Leon, Frost TigerViewtiful Joe 2
2.5%
Dran, Master Utan, La SaiaDark Cloud
2.4%
Geyser, Khalamari, GemonDragon Quest VIII: Journey of the Cursed King
2.3%
The Lupus, The Batomys, The Gallian APCValkyria Chronicles
2.2%
Moose, Benny & Clyde, RockoRiver City Ransom
2.2%
Boss Ikustega, Queen Bee, Cro-MaineE.V.O.: Search for Eden
1.9%
Halloween, Memo-Eater, Dr. JamingDark Cloud 2
1.8%
General Flying Fox, Whiptail, RoachHeavenly Sword
1.7%
Bola, Klaymoor, GlydeMega Man Legends 2
1.7%
Grunt Commander, The Zombiebot King, General CorrosiveMetal Arms: Glitch in the System
1.5%
Crabullus, Fred, Plutonium BossBlaster Master
1.5%
Folgaran the Armor Beast, Leptio the Flower Clown, Mobile Tank BiskarshKlonoa 2: Lunatea's Veil
1.4%
Blue Monk, Ippondatara, Big OniMuramasa: The Demon Blade
1.4%
Skullpion, Relic Keeper, Frost DragonBrave Fencer Musashi
1.4%
Mingrawn Timbletot, Non Trotski, The SourceBit.Trip Runner
1.2%

You're not logged in!

Compare scores with friends on all Sporcle quizzes.
OR
Log In

From the Vault

Code Cracker! XXXV

by hockeystix3

You can't go wrong with crackers.
Remove Ads.
Support Sporcle.
Get the best of Sporcle when you Go Orange. This ad-free experience offers more features, more stats, and more fun while also helping to support Sporcle. Thank you for becoming a member.

Show Comments

Extras

Top Quizzes Today


Score Distribution

Your Account Isn't Verified!

In order to create a playlist on Sporcle, you need to verify the email address you used during registration. Go to your Sporcle Settings to finish the process.

Report this User

Report this user for behavior that violates our Community Guidelines.

Details: